000 00482nam a2200181Ia 4500
003 GCL
008 140319s9999 xx 000 0 eng d
040 _aGCL /
_cGCL
082 0 4 _a372.3
_bW C
100 1 _aWALL, JENNIFER
245 1 0 _aCHILCLREN AND MOVEMENENT, 2ND ED /
_cWALL, JENNIFER
700 1 _aMURRAY,NLANCY
260 _a[S.N] :
_bBROWN AND BENCHMANK PUBBISERS ،
_c1994
300 _a463 P
650 0 4 _aCHILDREN
650 0 4 _aMOVEMENT - EDUCATION
942 _2ddc
_cBK
999 _c12186
_d12186